Berechnung elektrischer förderanlagen.

Saved in:
Bibliographic Details
Main Author: Weyhausen, E. G.
Format: Book
Language:Slovak
Published: 19250.
Physical Description: 90 s.+IV+2.
Tags: Add Tag
No Tags, Be the first to tag this record!

MARC

LEADER 00000nam a22000004a 4500
001 000565310
005 20171108131301.0
008 171108s19259250xo e 000 0 slo d
040 |a SVKKK  |b slo  |c SVKKK  |e AACR2 
100 1 |a Weyhausen, E. G. 
245 1 0 |a Berechnung elektrischer förderanlagen. 
260 |c 19250. 
300 |a 90 s.+IV+2. 
500 |a Záznam revízie 
910 |a svkkk 
998 |a BK 
090 |g SCKHL  |k Sklad Pribinova 2. posch.  |a III.5270  |j 15771  |i 2720356831  |s Prezenčne